50 Biggest cities in Western Australia - Statistics

General Stats
  • This quiz has been taken 88 times
  • The average score is 17 of 50
Answer Stats
Hint Answer % Correct
2,043,762 Perth
98%
75,196 Bunbury
86%
29,068 Kalgoorlie
86%
31,128 Albany
81%
14,660 Broome
81%
32,717 Geraldton
81%
10,218 Esperance
78%
17,013 Karratha
78%
27,233 Busselton
76%
15,298 Port Hedland
73%
7,430 Margaret River
68%
2,803 Exmouth
66%
4,239 Newman
54%
4,162 Carnarvon
49%
2,944 Denmark
49%
3,009 Derby
44%
7,182 Dunsborough
44%
6,679 Northam
41%
1,600 Jurien Bay
36%
4,515 Kununurra
34%
2,874 Tom Price
31%
2,399 York
31%
7,184 Collie
27%
2,384 Merredin
25%
3,745 Narrogin
25%
4,138 Manjimup
24%
11,009 Yanchep
24%
3,883 Pinjarra
22%
1,605 Halls Creek
20%
1,393 Dongara
19%
1,898 Mount Barker
19%
1,319 Paraburdoo
17%
1,311 Wagin
17%
2,300 Bridgetown
15%
2,797 Harvey
15%
2,853 Two Rocks
15%
3,641 Katanning
14%
2,225 Bullsbrook
10%
2,402 Capel
10%
2,119 Cowaramup
10%
2,786 Donnybrook
10%
1,591 Moora
10%
1,485 Serpentine
7%
1,660 Kambalda West
5%
1,452 Port Denison
5%
2,368 Waroona
5%
2,219 Drummond Cove
3%
2,284 Mundijong
3%
2,016 Wickham
3%
1,655 Little Grove
0%
No matching quizzes found
Score Distribution
Percent of People with Each Score
Percentile by Number Answered
Your Score History
You have not taken this quiz